00615nam a2200193Ia 450000500170000000800410001701600140005804000240007205000230009608200100011910000240012924500940015325000120024726000500025930000260030950000300033556300100036565000460037520251015144612.0210303s9999 xx 000 0 und d 2reto2022b aNLNbEnglisheAACR2 aPQ6033b.B837 1953 a860.9 aBRENAN, Geraldeaut 0aThe literature of the Spanish people from Roman times to the present day /cGerald Brenan a2nd ed. aCambridge :bCambrige University Press,c1953 axxii, 494p. ; b22cm. aBibliography : p. 472-488 a(pbk) aSpanish literaturevHistory and criticism